[Event "Schachfestival Basel"]
[Site "?"]
[Date "2017.01.07"]
[Round "8.42"]
[White "Kolb, Markus"]
[Black "Biastoch, Bennet"]
[Result "0-1"]
[WhiteElo "2091"]
[BlackElo "2134"]
[PlyCount "108"]
[EventDate "2017.01.??"]
[EventType "swiss"]
[EventRounds "9"]

1. c4 Nf6 2. g3 g6 3. Bg2 Bg7 4. Nc3 O-O 5. e4 d6 6. Nge2 e5 7. O-O Nc6 8. d3
Nd7 9. Be3 Nd4 10. Qd2 a6 11. Bh6 Bxh6 12. Qxh6 Nc5 13. Nxd4 exd4 14. Ne2 Nxd3
15. Qd2 Ne5 16. Qxd4 Bh3 17. Nf4 Bxg2 18. Kxg2 Qf6 19. f3 Qg7 20. Rfd1 Rae8 21.
Rac1 f5 22. Qd5+ Qf7 23. exf5 gxf5 24. Rd2 Kh8 25. Re1 Re7 26. Rde2 Rd7 27. b3
Qxd5 28. cxd5 c6 29. dxc6 bxc6 30. Rd1 Re8 31. Nd3 Ree7 32. Nxe5 dxe5 33. Rxe5
Rxd1 34. Rxe7 Rd2+ 35. Kh3 Rxa2 36. Rc7 Rb2 37. Rxc6 Rxb3 38. f4 a5 39. Rc5 a4
40. Rxf5 Kg7 41. Ra5 a3 42. Ra6 Rc3 43. Kh4 Rf3 44. h3 Rb3 45. g4 Rf3 46. f5 h6
47. Ra7+ Kf8 48. Rh7 Rf4 49. Kh5 Ra4 50. Kg6 a2 51. f6 Ke8 52. f7+ Ke7 53. Kg7
a1=Q+ 54. Kg8 Qa2 0-1

[Event "Schachfestival Basel"]
[Site "?"]
[Date "2017.01.07"]
[Round "8.43"]
[White "Pajeken, Jakob Leon"]
[Black "Martig, Markus"]
[Result "0-1"]
[WhiteElo "1977"]
[BlackElo "2104"]
[PlyCount "128"]
[EventDate "2017.01.??"]
[EventType "swiss"]
[EventRounds "9"]

1. e4 g6 2. d4 Bg7 3. Nc3 d5 4. e5 c5 5. f4 Nc6 6. Nf3 Bg4 7. Ne2 Bxf3 8. gxf3
cxd4 9. Nxd4 e6 10. Nb5 Qh4+ 11. Ke2 O-O-O 12. c3 Bf8 13. Be3 Nh6 14. Nd4 Bc5
15. Nxc6 Bxe3 16. Nxd8 Qxf4 17. Qd3 Bb6 18. Re1 Rxd8 19. Qd2 Qxe5+ 20. Kd1 Qh5
21. Be2 Nf5 22. f4 Qh3 23. Bf1 Qf3+ 24. Be2 Qh3 25. Bf1 Qh4 26. Bd3 d4 27. Kc1
Kb8 28. Kb1 dxc3 29. bxc3 Qh3 30. Bxf5 Qxf5+ 31. Qc2 Qxf4 32. Rhf1 Qc7 33. Rf3
Rd6 34. Rd1 Rxd1+ 35. Qxd1 f5 36. Rd3 a6 37. Qd2 e5 38. Rd7 Qc6 39. Rxh7 Qb5+
40. Ka1 e4 41. Qf4+ Ka7 42. Rh8 a5 43. Qb8+ Ka6 44. Qd6 Qc4 45. Ra8+ Kb5 46.
Qd7+ Qc6 47. c4+ Kb4 48. Qd2+ Kxc4 49. Qc2+ Kd5 50. Qb3+ Ke5 51. Kb1 e3 52.
Qb2+ Kf4 53. Qe2 Qf3 54. Qc4+ Qe4+ 55. Qxe4+ Kxe4 56. Kc2 g5 57. Kd1 Kf3 58.
Re8 g4 59. Ke1 a4 60. Re5 f4 61. Kf1 Bd4 62. Re8 b5 63. Rc8 e2+ 64. Ke1 Bf2+
0-1

[Event "Schachfestival Basel"]
[Site "?"]
[Date "2017.01.07"]
[Round "8.44"]
[White "Bethke, Richard"]
[Black "Kutschenko, Roland"]
[Result "1-0"]
[WhiteElo "2055"]
[BlackElo "2101"]
[PlyCount "133"]
[EventDate "2017.01.??"]
[EventType "swiss"]
[EventRounds "9"]

1. e4 c6 2. d4 d5 3. Nc3 dxe4 4. Nxe4 Nf6 5. Ng3 e6 6. Nf3 Be7 7. Bd3 Bd7 8.
O-O c5 9. dxc5 Bxc5 10. Ne5 Nc6 11. Nxd7 Qxd7 12. Ne4 Nxe4 13. Bxe4 Qxd1 14.
Rxd1 Ke7 15. Bf4 Rad8 16. c3 Bd6 17. Be3 a6 18. g3 h6 19. f4 f6 20. Rd2 Bc7 21.
Rad1 Rxd2 22. Rxd2 Rd8 23. Rxd8 Nxd8 24. Kf1 e5 25. f5 Kd7 26. c4 Bd6 27. Bb6
Nc6 28. a3 Bc7 29. Bc5 Bd6 30. Bb6 Bc7 31. Be3 Bd6 32. Ke2 Bf8 33. Kf3 b5 34.
cxb5 axb5 35. b4 Nd4+ 36. Kg4 Bd6 37. Kh5 Ke7 38. Kg6 Kf8 39. Bd3 Be7 40. Kh5
Bd6 41. Kg4 Ke7 42. Kh3 Kd7 43. Kg2 Kc6 44. Be4+ Kc7 45. g4 Be7 46. h4 Kd7 47.
Kh3 Bd8 48. Kg2 Bb6 49. g5 hxg5 50. hxg5 fxg5 51. Bxg5 Bd8 52. Be3 Bf6 53. Kh3
Kd6 54. Kg4 Ke7 55. Kh5 Kd6 56. Kg6 Ne2 57. Bc5+ Kd7 58. Kf7 Nc3 59. Bf3 e4 60.
Bg4 Nd5 61. Bf8 e3 62. Bxg7 Bh4 63. Be5 Kd8 64. f6 Be1 65. Ke6 Nxf6 66. Bxf6+
Kc7 67. Kd5 1-0

[Event "Schachfestival Basel"]
[Site "?"]
[Date "2017.01.07"]
[Round "8.45"]
[White "Furman, Boris"]
[Black "Harringer, Manfred"]
[Result "1/2-1/2"]
[WhiteElo "2205"]
[BlackElo "2009"]
[PlyCount "65"]
[EventDate "2017.01.??"]
[EventType "swiss"]
[EventRounds "9"]

1. d4 d5 2. c4 c6 3. cxd5 cxd5 4. Nc3 Nf6 5. Bf4 a6 6. e3 e6 7. Bd3 Bd6 8. Bxd6
Qxd6 9. f4 Nc6 10. Nf3 Ne7 11. Ne5 Nf5 12. Qe2 h5 13. O-O Bd7 14. Rac1 O-O 15.
Kh1 Qe7 16. Rg1 g6 17. g4 hxg4 18. Nxg4 Nxg4 19. Rxg4 Kg7 20. Bxf5 exf5 21. Rg2
Bb5 22. Qf3 Rac8 23. Rcg1 Qe6 24. Rd2 Rh8 25. Rg3 Rh4 26. Kg1 Bc6 27. Rh3 Rch8
28. Rxh4 Rxh4 29. Rc2 Rh8 30. b4 Rc8 31. Rb2 Bb5 32. Nxb5 axb5 33. Kf2 1/2-1/2

[Event "Schachfestival Basel"]
[Site "?"]
[Date "2017.01.07"]
[Round "8.46"]
[White "Muetsch, Annmarie"]
[Black "Schmuki, Roman"]
[Result "0-1"]
[WhiteElo "2163"]
[BlackElo "2048"]
[PlyCount "60"]
[EventDate "2017.01.??"]
[EventType "swiss"]
[EventRounds "9"]

1. e4 e6 2. d4 d5 3. Nd2 c5 4. exd5 exd5 5. dxc5 Bxc5 6. Nb3 Be7 7. Bd3 Nf6 8.
Ne2 Nc6 9. c3 O-O 10. O-O Re8 11. Ng3 Be6 12. Bc2 Rc8 13. Nf5 Bf8 14. Nfd4 Bd7
15. Bg5 Ne5 16. h3 g6 17. Nf3 Bc6 18. Nxe5 Rxe5 19. f4 Re8 20. Nd4 h6 21. Bh4
Qd6 22. Bxf6 Qxf6 23. f5 g5 24. Kh1 Bd6 25. Qh5 Re3 26. h4 gxh4 27. Nf3 d4 28.
Nxd4 Bxg2+ 29. Kg1 Qg7 30. f6 Bh2+ 0-1

[Event "Schachfestival Basel"]
[Site "?"]
[Date "2017.01.07"]
[Round "8.47"]
[White "Nguyen, Kevin"]
[Black "Lumsdon, Andrew"]
[Result "1-0"]
[WhiteElo "2122"]
[BlackElo "1994"]
[PlyCount "111"]
[EventDate "2017.01.??"]
[EventType "swiss"]
[EventRounds "9"]

1. e4 c6 2. d3 d5 3. Nd2 e5 4. Ngf3 Bd6 5. g3 Nf6 6. Bg2 O-O 7. O-O h6 8. Re1
Qc7 9. Nf1 d4 10. h3 Be6 11. g4 Nh7 12. Ng3 c5 13. c4 dxc3 14. bxc3 Nc6 15. Be3
Rad8 16. Nf5 Rfe8 17. Qc2 b6 18. Rac1 Bxf5 19. exf5 Be7 20. d4 Bf6 21. dxc5
bxc5 22. Nd2 Bg5 23. Ne4 Bxe3 24. Rxe3 Ne7 25. c4 Rd4 26. Qa4 Kf8 27. Ra3 Nc8
28. Qa5 Re7 29. Qxc5 Qxc5 30. Nxc5 Rc7 31. Nd3 e4 32. Nb2 h5 33. Re3 hxg4 34.
hxg4 Rd2 35. Rb3 Nf6 36. Bh3 Nd5 37. Re1 Nf4 38. Bf1 Nd6 39. Rb4 g5 40. fxg6
Nxg6 41. Rd1 Rxd1 42. Nxd1 Ke7 43. Ne3 Ke6 44. Kg2 Ke5 45. Rb1 Nf4+ 46. Kg3 Nd3
47. Rd1 Kd4 48. Nc2+ Kc3 49. Ne1 Nxc4 50. Nxd3 exd3 51. Rxd3+ Kb2 52. Rb3+ Kc2
53. Bxc4 Rxc4 54. Rb7 a5 55. Rxf7 Kd3 56. g5 1-0

[Event "Schachfestival Basel"]
[Site "?"]
[Date "2017.01.07"]
[Round "8.48"]
[White "Ditzler, Juerg"]
[Black "Kokje, Joris"]
[Result "0-1"]
[WhiteElo "2052"]
[BlackElo "2093"]
[PlyCount "98"]
[EventDate "2017.01.??"]
[EventType "swiss"]
[EventRounds "9"]

1. Nf3 Nf6 2. d4 g6 3. c4 Bg7 4. g3 O-O 5. Bg2 d6 6. O-O c5 7. dxc5 dxc5 8.
Qxd8 Rxd8 9. Nc3 Nc6 10. Bf4 Be6 11. Rfd1 Bxc4 12. Ne5 Nxe5 13. Bxe5 Ba6 14.
Bc7 Rxd1+ 15. Rxd1 Rc8 16. Rd8+ Rxd8 17. Bxd8 Kf8 18. Bc7 Ke8 19. Bb8 Nd7 20.
Bc7 Be5 21. Bxe5 Nxe5 22. b3 Kd7 23. f4 Nc6 24. Kf2 b6 25. Bh3+ Kd6 26. Ne4+
Kd5 27. Ng5 Kd4 28. Nxf7 Kc3 29. f5 Kb2 30. fxg6 hxg6 31. Bg2 Nd4 32. e3 Ne6
33. Bd5 Nf8 34. a4 e6 35. Be4 Kxb3 36. Ne5 c4 37. Nxg6 Nxg6 38. Bxg6 c3 39. Ke1
Kb2 40. h4 c2 41. Bxc2 Kxc2 42. g4 Kd3 43. Kf2 Ke4 44. h5 Ke5 45. Kg3 Kf6 46.
Kh4 Be2 47. g5+ Kg7 48. e4 Bd3 49. e5 Bc2 0-1

[Event "Schachfestival Basel"]
[Site "?"]
[Date "2017.01.07"]
[Round "8.49"]
[White "Faraone, Ettore"]
[Black "Brait, Wolfgang"]
[Result "1-0"]
[WhiteElo "2033"]
[BlackElo "1923"]
[PlyCount "55"]
[EventDate "2017.01.??"]
[EventType "swiss"]
[EventRounds "9"]

1. e4 e6 2. d4 d5 3. Nd2 c5 4. Ngf3 cxd4 5. Nxd4 Nf6 6. e5 Nfd7 7. N2f3 Nc6 8.
Bb5 Nxd4 9. Nxd4 a6 10. Bxd7+ Bxd7 11. O-O Be7 12. Qg4 g6 13. Bh6 Rc8 14. c3
Rc4 15. Qh3 Rg8 16. b3 Rc8 17. Bd2 h5 18. Kh1 Qb6 19. Rg1 f5 20. exf6 Bxf6 21.
Qg3 Bxd4 22. cxd4 Qxd4 23. Bh6 Kf7 24. Rad1 Qf6 25. Bg5 Qf5 26. Rd3 Kg7 27. Rf3
Qe4 28. Qd6 1-0

[Event "Schachfestival Basel"]
[Site "?"]
[Date "2017.01.07"]
[Round "8.50"]
[White "Ernst, Heinz"]
[Black "Braeunlin, Klaus"]
[Result "1/2-1/2"]
[WhiteElo "1998"]
[BlackElo "1965"]
[PlyCount "85"]
[EventDate "2017.01.??"]
[EventType "swiss"]
[EventRounds "9"]

1. d4 g6 2. c4 Bg7 3. Nc3 d6 4. e4 e5 5. d5 Ne7 6. Bd3 O-O 7. Bg5 h6 8. Be3 f5
9. f3 f4 10. Bf2 c6 11. Nge2 c5 12. Qd2 a6 13. a3 Nd7 14. Na4 Rb8 15. b4 b6 16.
bxc5 Nxc5 17. Nxc5 bxc5 18. Nc3 Qa5 19. Ke2 Bd7 20. Bc2 Rb2 21. Rhb1 Rfb8 22.
Rxb2 Rxb2 23. Be1 Nc8 24. Qc1 Rb8 25. Kd3 Qc7 26. Na4 Bf6 27. Rb1 Rxb1 28. Qxb1
Bd8 29. Qb3 g5 30. Bd1 Kg7 31. h3 Kg6 32. Qb2 Nb6 33. Nxb6 Qxb6 34. Qxb6 Bxb6
35. Ke2 Bd8 36. Kf1 h5 37. Kg1 g4 38. hxg4 hxg4 39. Kh2 g3+ 40. Kg1 Bc7 41. Kf1
Kf7 42. a4 a5 43. Bc3 1/2-1/2

[Event "Schachfestival Basel 2017"]
[Site "Basel"]
[Date "2017.01.08"]
[Round "9"]
[White "Abasov, Nijat"]
[Black "Safarli, Eltaj"]
[Result "1/2-1/2"]
[WhiteElo "2561"]
[BlackElo "2686"]
[PlyCount "23"]
[EventDate "2017.??.??"]
[EventType "swiss"]
[EventCountry "SUI"]
[SourceTitle "playchess.com"]
[Source "ChessBase"]
[TimeControl "40/6000+30:1800+30"]

1. e4 e5 2. Nf3 Nc6 3. Bb5 Nf6 4. O-O Nxe4 5. d4 Nd6 6. dxe5 Nxb5 7. a4 Nbd4 8.
Nxd4 d5 9. exd6 Nxd4 10. Qxd4 Qxd6 11. Qe4+ Qe6 12. Qd4 1/2-1/2

[Event "Schachfestival Basel 2017"]
[Site "Basel"]
[Date "2017.01.08"]
[Round "9"]
[White "Bai, Jinshi"]
[Black "Bellahcene, Bilel"]
[Result "1-0"]
[WhiteElo "2560"]
[BlackElo "2493"]
[PlyCount "47"]
[EventDate "2017.??.??"]
[EventType "swiss"]
[EventCountry "SUI"]
[SourceTitle "playchess.com"]
[Source "ChessBase"]
[TimeControl "40/6000+30:1800+30"]

1. d4 {[%emt 0:00:46]} d5 {[%emt 0:00:05]} 2. c4 {[%emt 0:00:07]} e6 {[%emt 0:
00:03]} 3. Nf3 {[%emt 0:00:18]} Nf6 {[%emt 0:00:05]} 4. g3 {[%emt 0:02:36]}
Bb4+ {[%emt 0:00:07]} 5. Nbd2 {[%emt 0:03:18]} O-O {[%emt 0:00:13]} 6. Bg2 {
[%emt 0:00:08]} b6 {[%emt 0:00:05]} 7. O-O {[%emt 0:00:40]} Bb7 {[%emt 0:00:07]
} 8. b3 {[%emt 0:00:43]} c5 {[%emt 0:13:20]} 9. Bb2 {[%emt 0:02:11]} cxd4 {
[%emt 0:10:33]} 10. Nxd4 {[%emt 0:00:55]} Qe7 {[%emt 0:05:37]} 11. Nc2 {
[%emt 0:11:57]} Bc5 {[%emt 0:16:17]} 12. b4 {[%emt 0:21:28]} Bd6 {[%emt 0:15:
19]} 13. Bxf6 {[%emt 0:17:46]} Qxf6 {[%emt 0:04:19]} 14. cxd5 {[%emt 0:00:25]}
exd5 {[%emt 0:01:08]} 15. Nc4 {[%emt 0:17:59]} Na6 {[%emt 0:02:37]} 16. a3 {
[%emt 0:02:26]} Rfd8 {[%emt 0:04:27]} 17. Nxd6 {[%emt 0:01:56]} Qxd6 {[%emt 0:
00:28]} 18. Nd4 {[%emt 0:00:11]} Nc7 {[%emt 0:00:36]} 19. Rc1 {[%emt 0:04:01]}
Ne6 {[%emt 0:02:19]} 20. Qd2 {[%emt 0:02:28]} a5 {[%emt 0:06:46]} 21. Rfd1 {
[%emt 0:01:52]} axb4 {[%emt 0:02:04]} 22. Qxb4 {[%emt 0:03:31]} Nxd4 {[%emt 0:
03:25]} 23. Rxd4 {[%emt 0:01:31]} Rxa3 {[%emt 0:00:19]} 24. Rxd5 {[%emt 0:01:
13]} 1-0

[Event "Schachfestival Basel 2017"]
[Site "Basel"]
[Date "2017.01.08"]
[Round "9"]
[White "Bauer, Christian"]
[Black "Donchenko, Alexander"]
[Result "1-0"]
[WhiteElo "2635"]
[BlackElo "2559"]
[PlyCount "87"]
[EventDate "2017.??.??"]
[EventType "swiss"]
[EventCountry "SUI"]
[SourceTitle "playchess.com"]
[Source "ChessBase"]
[TimeControl "40/6000+30:1800+30"]

1. e4 {[%emt 0:00:00]} c5 {[%emt 0:00:47]} 2. Na3 {[%emt 0:00:13]} d6 {[%emt 0:
06:09]} 3. c3 {[%emt 0:03:31]} Nf6 {[%emt 0:02:10]} 4. g3 {[%emt 0:01:02]} g6 {
[%emt 0:17:20]} 5. Bg2 {[%emt 0:00:30]} Bg7 {[%emt 0:00:14]} 6. d4 {[%emt 0:01:
29]} cxd4 {[%emt 0:10:09]} 7. cxd4 {[%emt 0:02:02]} O-O {[%emt 0:00:30]} 8. Ne2
{[%emt 0:00:30]} Bg4 {[%emt 0:00:30]} 9. f3 {[%emt 0:00:30]} Bd7 {[%emt 0:00:
30]} 10. Be3 {[%emt 0:00:30]} d5 {[%emt 0:00:30]} 11. e5 {[%emt 0:00:30]} Ne8 {
[%emt 0:00:30]} 12. Qb3 {[%emt 0:00:30]} Nc7 {[%emt 0:00:30]} 13. Qxb7 {
[%emt 0:00:30]} Nc6 {[%emt 0:00:30]} 14. Qb3 {[%emt 0:00:30]} Rb8 {[%emt 0:00:
30]} 15. Qc3 {[%emt 0:00:30]} Ne6 {[%emt 0:00:30]} 16. f4 {[%emt 0:00:30]} Qb6
{[%emt 0:00:30]} 17. Bxd5 {[%emt 0:00:30]} Nb4 {[%emt 0:00:30]} 18. Be4 {
[%emt 0:00:30]} Qa6 {[%emt 0:00:30]} 19. Nc2 {[%emt 0:00:30]} Nxc2+ {[%emt 0:
00:30]} 20. Qxc2 {[%emt 0:00:30]} f6 {[%emt 0:00:30]} 21. O-O {[%emt 0:00:30]}
Qb6 {[%emt 0:00:30]} 22. Qd2 {[%emt 0:00:30]} Qxb2 {[%emt 0:00:30]} 23. Qxb2 {
[%emt 0:00:30]} Rxb2 {[%emt 0:00:30]} 24. Nc3 {[%emt 0:00:30]} Rc8 {[%emt 0:00:
30]} 25. Rfc1 {[%emt 0:00:30]} Kf8 {[%emt 0:00:30]} 26. Rab1 {[%emt 0:00:30]}
Rxb1 {[%emt 0:00:30]} 27. Bxb1 {[%emt 0:00:30]} Nc7 {[%emt 0:00:30]} 28. Be4 {
[%emt 0:00:30]} e6 {[%emt 0:00:30]} 29. Bb7 {[%emt 0:00:30]} Rb8 {[%emt 0:00:
30]} 30. Ne4 {[%emt 0:00:30]} Ne8 {[%emt 0:00:30]} 31. Nc5 {[%emt 0:00:30]} Ke7
{[%emt 0:00:30]} 32. Bd2 {[%emt 0:00:30]} Bc8 {[%emt 0:00:30]} 33. Bxc8 {
[%emt 0:00:30]} Rxc8 {[%emt 0:00:30]} 34. Rb1 {[%emt 0:00:30]} fxe5 {[%emt 0:
00:30]} 35. fxe5 {[%emt 0:00:30]} h6 {[%emt 0:00:30]} 36. Ba5 {[%emt 0:00:30]}
Kf7 {[%emt 0:00:30]} 37. Rb7+ {[%emt 0:00:30]} Kg8 {[%emt 0:00:30]} 38. Nxe6 {
[%emt 0:00:30]} Rc1+ {[%emt 0:00:30]} 39. Kf2 {[%emt 0:00:30]} Rc2+ {[%emt 0:
00:30]} 40. Kf3 {[%emt 0:00:30]} Rxa2 {[%emt 0:30:30]} 41. Rxa7 {[%emt 0:30:30]
} Bh8 {[%emt 0:00:30]} 42. Nf4 {[%emt 0:00:30]} g5 {[%emt 0:00:30]} 43. Nd5 {
[%emt 0:00:30]} Ra4 {[%emt 0:00:30]} 44. Bb6 {[%emt 0:00:30]} 1-0

[Event "Schachfestival Basel 2017"]
[Site "Basel"]
[Date "2017.01.08"]
[Round "9"]
[White "Deepan Chakkravarthy J"]
[Black "Kunin, Vitaly"]
[Result "1-0"]
[WhiteElo "2485"]
[BlackElo "2576"]
[PlyCount "119"]
[EventDate "2017.??.??"]
[EventType "swiss"]
[EventCountry "SUI"]
[SourceTitle "playchess.com"]
[Source "ChessBase"]
[TimeControl "40/6000+30:1800+30"]

1. c4 {[%emt 0:07:52]} b6 {[%emt 0:01:26]} 2. Nc3 {[%emt 0:00:51]} Bb7 {
[%emt 0:00:09]} 3. Nf3 {[%emt 0:00:57]} e6 {[%emt 0:00:51]} 4. b3 {[%emt 0:00:
15]} c5 {[%emt 0:04:01]} 5. Bb2 {[%emt 0:01:04]} Nf6 {[%emt 0:00:07]} 6. e3 {
[%emt 0:00:16]} Be7 {[%emt 0:00:08]} 7. Be2 {[%emt 0:00:07]} O-O {[%emt 0:00:
06]} 8. O-O {[%emt 0:00:03]} d6 {[%emt 0:00:31]} 9. d4 {[%emt 0:00:43]} cxd4 {
[%emt 0:00:30]} 10. Nxd4 {[%emt 0:00:06]} a6 {[%emt 0:00:38]} 11. Bf3 {[%emt 0:
00:21]} Ra7 {[%emt 0:00:31]} 12. Rc1 {[%emt 0:00:50]} Qd7 {[%emt 0:04:06]} 13.
a3 {[%emt 0:02:48]} h6 {[%emt 0:10:04]} 14. h3 {[%emt 0:02:43]} Rc8 {[%emt 0:
03:00]} 15. Re1 {[%emt 0:02:40]} Bxf3 {[%emt 0:05:45]} 16. Qxf3 {[%emt 0:00:45]
} Qb7 {[%emt 0:00:10]} 17. e4 {[%emt 0:05:11]} Nbd7 {[%emt 0:01:18]} 18. Qe2 {
[%emt 0:00:08]} Nh7 {[%emt 0:11:38]} 19. Rcd1 {[%emt 0:02:40]} Nc5 {[%emt 0:02:
52]} 20. f4 {[%emt 0:02:59]} Nf8 {[%emt 0:02:30]} 21. b4 {[%emt 0:23:51]} Ncd7
{[%emt 0:00:07]} 22. Nd5 {[%emt 0:00:12]} exd5 {[%emt 0:18:20]} 23. Nf5 {
[%emt 0:00:12]} Nf6 {[%emt 0:07:08]} 24. Bxf6 {[%emt 0:05:47]} Bxf6 {[%emt 0:
00:40]} 25. Nxd6 {[%emt 0:00:07]} Qb8 {[%emt 0:00:19]} 26. Nxc8 {[%emt 0:00:09]
} Qxc8 {[%emt 0:00:08]} 27. cxd5 {[%emt 0:00:37]} Rc7 {[%emt 0:01:21]} 28. e5 {
[%emt 0:00:52]} Bh4 {[%emt 0:02:54]} 29. Rf1 {[%emt 0:00:16]} f5 {[%emt 0:07:
01]} 30. Qe3 {[%emt 0:09:16]} Rc2 {[%emt 0:01:34]} 31. Rd2 {[%emt 0:02:51]} Rc3
{[%emt 0:01:21]} 32. Rd3 {[%emt 0:01:10]} Rc2 {[%emt 0:00:22]} 33. e6 {[%emt 0:
02:05]} Qc4 {[%emt 0:03:57]} 34. Rd2 {[%emt 0:04:44]} Rxd2 {[%emt 0:11:42]} 35.
Qxd2 {[%emt 0:00:15]} Nxe6 {[%emt 0:00:20]} 36. dxe6 {[%emt 0:00:11]} Qxe6 {
[%emt 0:00:05]} 37. Kh2 {[%emt 0:00:19]} Kh7 {[%emt 0:00:11]} 38. Rf3 {[%emt 0:
00:18]} Bf6 {[%emt 0:00:24]} 39. Qd3 {[%emt 0:01:10]} b5 {[%emt 0:00:24]} 40.
Re3 {[%emt 0:00:12]} Qc8 {[%emt 0:30:05]} 41. Qd5 {[%emt 0:30:08]} Qc2 {
[%emt 0:01:29]} 42. Rd3 {[%emt 0:01:46]} Kg6 {[%emt 0:00:26]} 43. Rg3+ {
[%emt 0:06:31]} Kh7 {[%emt 0:00:07]} 44. Qd3 {[%emt 0:00:03]} Qc8 {[%emt 0:00:
15]} 45. Re3 {[%emt 0:01:14]} h5 {[%emt 0:02:46]} 46. g4 {[%emt 0:02:46]} hxg4
{[%emt 0:00:07]} 47. hxg4 {[%emt 0:00:02]} g6 {[%emt 0:00:10]} 48. g5 {[%emt 0:
01:12]} Ba1 {[%emt 0:00:31]} 49. Re7+ {[%emt 0:02:10]} Bg7 {[%emt 0:00:22]} 50.
Qd4 {[%emt 0:01:44]} Qg8 {[%emt 0:01:30]} 51. Qc3 {[%emt 0:02:12]} Qf8 {
[%emt 0:00:45]} 52. Qf6 {[%emt 0:00:39]} Qg8 {[%emt 0:01:32]} 53. Qf7 {[%emt 0:
00:12]} Qxf7 {[%emt 0:01:55]} 54. Rxf7 {[%emt 0:00:07]} Kg8 {[%emt 0:00:04]}
55. Ra7 {[%emt 0:00:05]} Bb2 {[%emt 0:00:11]} 56. Rxa6 {[%emt 0:00:05]} Kf7 {
[%emt 0:00:05]} 57. Kg3 {[%emt 0:00:03]} Bd4 {[%emt 0:00:16]} 58. Ra5 {[%emt 0:
00:13]} Bb2 {[%emt 0:00:07]} 59. Rxb5 {[%emt 0:00:04]} Bxa3 {[%emt 0:00:06]}
60. Rb7+ {[%emt 0:00:09]} 1-0

[Event "Schachfestival Basel 2017"]
[Site "Basel"]
[Date "2017.01.08"]
[Round "9"]
[White "Gao, Rui"]
[Black "Chu, Wei Chao"]
[Result "1-0"]
[WhiteElo "2544"]
[BlackElo "2289"]
[PlyCount "89"]
[EventDate "2017.??.??"]
[EventType "swiss"]
[EventCountry "SUI"]
[SourceTitle "playchess.com"]
[Source "ChessBase"]
[TimeControl "40/6000+30:1800+30"]

1. Nf3 {[%emt 0:00:35]} Nf6 {[%emt 0:01:29]} 2. c4 {[%emt 0:01:13]} c5 {
[%emt 0:01:42]} 3. g3 {[%emt 0:01:26]} b6 {[%emt 0:03:10]} 4. Bg2 {[%emt 0:00:
21]} Bb7 {[%emt 0:00:05]} 5. O-O {[%emt 0:00:40]} e6 {[%emt 0:00:09]} 6. b3 {
[%emt 0:02:35]} Be7 {[%emt 0:00:48]} 7. Bb2 {[%emt 0:07:14]} O-O {[%emt 0:00:
36]} 8. Nc3 {[%emt 0:02:25]} d6 {[%emt 0:02:35]} 9. e3 {[%emt 0:01:44]} Nbd7 {
[%emt 0:04:07]} 10. Qe2 {[%emt 0:03:16]} Qb8 {[%emt 0:02:00]} 11. Rfd1 {
[%emt 0:19:49]} a6 {[%emt 0:04:45]} 12. d4 {[%emt 0:06:40]} Rd8 {[%emt 0:10:52]
} 13. e4 {[%emt 0:08:01]} cxd4 {[%emt 0:00:23]} 14. Nxd4 {[%emt 0:00:02]} Qa7 {
[%emt 0:00:56]} 15. Kh1 {[%emt 0:07:55]} Rac8 {[%emt 0:02:20]} 16. g4 {[%emt 0:
00:26]} g6 {[%emt 0:06:51]} 17. f4 {[%emt 0:02:15]} Qa8 {[%emt 0:03:34]} 18. g5
{[%emt 0:07:20]} Nh5 {[%emt 0:01:44]} 19. Qg4 {[%emt 0:00:03]} Nxf4 {[%emt 0:
16:52]} 20. Qxf4 {[%emt 0:01:53]} e5 {[%emt 0:00:05]} 21. Qg3 {[%emt 0:01:39]}
exd4 {[%emt 0:00:07]} 22. Nd5 {[%emt 0:00:03]} Bxd5 {[%emt 0:00:08]} 23. exd5 {
[%emt 0:00:04]} b5 {[%emt 0:02:50]} 24. Rxd4 {[%emt 0:03:13]} bxc4 {[%emt 0:00:
54]} 25. bxc4 {[%emt 0:04:30]} Qb7 {[%emt 0:03:26]} 26. Bc3 {[%emt 0:02:51]}
Ne5 {[%emt 0:04:29]} 27. Rf1 {[%emt 0:01:04]} Bf8 {[%emt 0:01:50]} 28. Rh4 {
[%emt 0:03:05]} Re8 {[%emt 0:04:17]} 29. Rhf4 {[%emt 0:05:56]} Bg7 {[%emt 0:04:
04]} 30. Qh3 {[%emt 0:00:06]} Rc7 {[%emt 0:01:07]} 31. Bxe5 {[%emt 0:05:38]}
Rxe5 {[%emt 0:09:47]} 32. Qg4 {[%emt 0:00:03]} Ree7 {[%emt 0:04:39]} 33. Qh4 {
[%emt 0:02:45]} Qb6 {[%emt 0:03:36]} 34. R4f3 {[%emt 0:00:47]} Qc5 {[%emt 0:03:
41]} 35. Rh3 {[%emt 0:00:45]} Qxc4 {[%emt 0:00:06]} 36. Qxh7+ {[%emt 0:00:01]}
Kf8 {[%emt 0:00:01]} 37. Rhf3 {[%emt 0:00:57]} Qc2 {[%emt 0:01:05]} 38. Rf6 {
[%emt 0:02:28]} Re2 {[%emt 0:01:57]} 39. Rxg6 {[%emt 0:01:10]} Qb2 {[%emt 0:00:
57]} 40. Rxd6 {[%emt 0:05:05]} Rxg2 {[%emt 0:31:47]} 41. Rd8+ {[%emt 0:30:52]}
Ke7 {[%emt 0:00:05]} 42. d6+ {[%emt 0:00:08]} Kxd8 {[%emt 0:00:06]} 43. dxc7+ {
[%emt 0:00:03]} Kxc7 {[%emt 0:00:06]} 44. Rxf7+ {[%emt 0:00:02]} Kb6 {[%emt 0:
01:05]} 45. Rxg7 {[%emt 0:01:32]} 1-0

[Event "Schachfestival Basel 2017"]
[Site "Basel"]
[Date "2017.01.08"]
[Round "9"]
[White "Korpa, Bence"]
[Black "Karthikeyan, P.."]
[Result "0-1"]
[WhiteElo "2473"]
[BlackElo "2488"]
[PlyCount "60"]
[EventDate "2017.??.??"]
[EventType "swiss"]
[EventCountry "SUI"]
[SourceTitle "playchess.com"]
[Source "ChessBase"]
[TimeControl "40/6000+30:1800+30"]

1. e4 {[%emt 0:08:34]} e5 {[%emt 0:03:38]} 2. Nf3 {[%emt 0:00:12]} Nc6 {
[%emt 0:00:07]} 3. Nc3 {[%emt 0:00:07]} Nf6 {[%emt 0:00:06]} 4. Bb5 {[%emt 0:
00:47]} Bb4 {[%emt 0:00:50]} 5. O-O O-O {[%emt 0:00:35]} 6. d3 {[%emt 0:00:38]}
d6 {[%emt 0:03:51]} 7. Bg5 Ne7 {[%emt 0:02:24]} 8. Bc4 {[%emt 0:03:27]} Bxc3 {
[%emt 0:00:30]} 9. bxc3 {[%emt 0:00:08]} Nd7 {[%emt 0:09:55]} 10. d4 {[%emt 0:
00:30]} Kh8 {[%emt 0:00:30]} 11. dxe5 {[%emt 0:00:30]} dxe5 {[%emt 0:00:30]}
12. Bc1 {[%emt 0:00:30]} f6 {[%emt 0:00:30]} 13. Ba3 {[%emt 0:00:30]} Qe8 {
[%emt 0:00:30]} 14. Nh4 {[%emt 0:00:30]} Nb6 {[%emt 0:00:30]} 15. Bb3 {[%emt 0:
00:30]} a5 {[%emt 0:00:30]} 16. Nf5 {[%emt 0:00:30]} Nxf5 {[%emt 0:00:30]} 17.
exf5 {[%emt 0:00:30]} a4 {[%emt 0:00:30]} 18. Be6 {[%emt 0:00:30]} Bxe6 {
[%emt 0:00:30]} 19. fxe6 {[%emt 0:00:30]} Rg8 {[%emt 0:00:30]} 20. e7 {[%emt 0:
00:30]} Nc4 {[%emt 0:00:30]} 21. Bb4 {[%emt 0:00:30]} Qf7 {[%emt 0:00:30]} 22.
Qd7 {[%emt 0:00:30]} Rac8 {[%emt 0:00:30]} 23. Rfd1 {[%emt 0:00:30]} h6 {
[%emt 0:00:30]} 24. Qxc8 {[%emt 0:00:30]} Rxc8 {[%emt 0:00:30]} 25. Rd8+ {
[%emt 0:00:30]} Qe8 {[%emt 0:00:30]} 26. Rxc8 {[%emt 0:00:30]} Qxc8 {[%emt 0:
00:30]} 27. Rd1 {[%emt 0:00:30]} Nd6 {[%emt 0:00:30]} 28. Bxd6 {[%emt 0:00:30]}
Qd7 {[%emt 0:00:30]} 29. Rb1 {[%emt 0:00:30]} cxd6 {[%emt 0:00:30]} 30. Rxb7 {
[%emt 0:00:30]} Qe8 {[%emt 0:00:30]} 0-1